Anagrams of European Capitals - Statistics

General Stats
  • This quiz has been taken 357 times
    312 since last reset
  • The average score is 37 of 49
Answer Stats
Hint Answer % Correct
NEPCOGAHEN Copenhagen
92%
REBLIN Berlin
89%
SOLO Oslo
89%
RIPAS Paris
89%
NIEVNA Vienna
88%
SKIMN Minsk
87%
RASWAW Warsaw
87%
SSELRUBS Brussels
86%
WOSCOM Moscow
85%
SHELKINI Helsinki
84%
VAINCAT TICY Vatican City
84%
SENTHA Athens
83%
HOLTMSOCK Stockholm
82%
GREBAZ Zagreb
82%
BREN Bern
81%
BILNUD Dublin
81%
VIKE Kiev
81%
DOLNON London
81%
DRAIMD Madrid
81%
GARI Riga
81%
RASAOVEJ Sarajevo
80%
DORRANA AL LLEVA Andorra la Vella
79%
MEXUBGUROL Luxembourg
79%
LLINNAT Tallinn
79%
FISAO Sofia
78%
RANKAA Ankara
77%
GRAUEP Prague
77%
RINATA Tirana
76%
MASTERMAD Amsterdam
75%
AKUB Baku
75%
PADUTSEB Budapest
74%
CANOOM Monaco
74%
SBOLIN LIsbon
72%
NAS ROMAIN San Marino
71%
SALIVABRAT Bratislava
70%
JREYKKAIV Reykjavik
69%
POJKES Skopje
68%
ZUVDA Vaduz
67%
LINSUVI Vilnius
67%
CHUBSTARE Bucharest
65%
COSINIA Nicosia
64%
LAJBUJANL Ljubljana
57%
GOPDICARO Podgorica
57%
SITBILI Tbilisi
56%
VEREYAN Yerevan
56%
DRABGLEE Belgrade
55%
TEVLALAT Valletta
54%
SICHIUNA Chisinau
49%
SIPRAINT Pristina
43%
No matching quizzes found
Score Distribution
Percent of People with Each Score
Percentile by Number Answered
Your Score History
You have not taken this quiz since the last reset